Tập bản vẽ kỹ thuật và kết cấu

Spremljeno u:
Bibliografski detalji
Glavni autor: Vũ, Tiến Đạt
Format: Knjiga
Jezik:Undetermined
Izdano: TP.HCM Đại học Kỹ thuật 2000
Teme:
Online pristup:http://lrc.tdmu.edu.vn/opac/search/detail.asp?aID=2&ID=3581
Oznake: Dodaj oznaku
Bez oznaka, Budi prvi tko označuje ovaj zapis!
Thư viện lưu trữ: Trung tâm Học liệu Trường Đại học Thủ Dầu Một
LEADER 00611nam a2200193Ia 4500
001 TDMU_3581
008 210410s9999 xx 000 0 und d
082 |a 692.2 
090 |b V97 
100 |a Vũ, Tiến Đạt 
245 0 |a Tập bản vẽ kỹ thuật và kết cấu 
245 0 |c Vũ Tiến Đạt (Ch.b.) 
260 |a TP.HCM 
260 |b Đại học Kỹ thuật 
260 |c 2000 
300 |a 112tr. 
650 |a Vẽ kỹ thuật 
856 |u http://lrc.tdmu.edu.vn/opac/search/detail.asp?aID=2&ID=3581 
980 |a Trung tâm Học liệu Trường Đại học Thủ Dầu Một